只為一次無憾的春天
| 資料類型: | 圖書 | 書目號: | 35489 |
Leader xxxxxxxxxx 001 __ PCLIS00035489 005 __ 20220211141025.0 010 0_ |a986-133-095-X|b平裝附光碟片|dNT$270 100 __ |a20051007d2005 m y0chiy09 e 101 0_ |achi 102 __ |atw 105 __ |aa z 000cy 200 1_ |a只為一次無憾的春天|f蔣勳著 205 __ |a初版 210 __ |a臺北市|c圓神出版|c叩應總經銷|d2005[民94] 215 0_ |a238面|c彩圖|d21公分|e光碟一片 225 2_ |a圓神文叢|v24 320 __ |a附錄: 雪 : 紀念母親 681 __ |a855|b848 681 __ |a855|b4424 88 700 _1 |a蔣|b勳|4著 801 _0 |atw|b內湖高中|c20051007|gCCR |